000 00320nam a22001337a 4500
008 171011b xxu||||| |||| 00| 0 eng d
020 _a9780521435994
041 _aeng
080 _a316
100 _a50
101 _aSOC
245 _aTHE ETHICAL DIMENSIONS OF THE BIOLOGICAL SCIENCES
_cBULGER,R.E
942 _2udc
_cBK
999 _c33225
_d33225